000 00632nam a22002057i 4500
999 _c22849
_d22849
003 AR-CdUCM
008 240426b20182018pe ||||| |||| 00| 0 spa d
040 _aMUNICIPALIDAD PROVINCIAL DEL CUSCO
_cBIBLIOTECA MUNICIPAL DEL CUSCO
082 _a869.56 / D98
_bD98
100 _aDuroó, Salvador.
_949649
245 _aUna vampiresa en Pisco /
260 _aLima :
_c2018
300 _a73 páginas. :
_c20 cm.
650 _aEl rezongo de Sarah
_949650
650 _aJesuita bendijo ataúd
_949651
650 _a1950, La reencarnación
_949652
650 _aPoemas a Sarah
_949653
942 _2ddc
_cLIBROS
945 _apbj
_d2024-04-26